000 00450nam a2200169Ia 4500
003 GCL
008 140319s9999 xx 000 0 ara d
040 _aGCL /
_cGCL
082 0 4 _a923.1
_bع ا
245 1 0 _aانور السادات: الذى عرفته
260 _a[S.N] :
_bالهيئة المصرية العامة للكتاب ،
_c1992
300 _a431 ص
490 _a
650 0 4 _aمصر
650 0 4 _aالتراجم
942 _2ddc
_cBK
999 _c27808
_d27808